000 00721nam a2200217 i 4500
001 89241
003 ES-MaACL
005 20230906180127.0
007 t|
008 050105s1971 sp ||||1| spa d
100 1 _aLarere, Philippe.
_970245
245 1 4 _aLos técnicos :
_buna nueva clase media /
_cPhilippe Larere ; [traducción de Luis Marcos].
260 _a[Algorta (Vizcaya) :
_bZero,
_c1971]
300 _a107 p. ;
_c20 cm.
490 1 _aBiblioteca "Promoción del pueblo". Serie P ;
_v39
650 0 0 _aTecnología y civilización.
_917420
700 1 _aMarcos, Luis.
_976511
830 1 _aBiblioteca "Promoción del pueblo". Serie P ;
_v39
_9183314
852 _aES-MaACL
_jC-48630
999 _c89241
_d89241